000 03422cam a22002778i 4500
999 _c7660
_d7660
003 OSt
005 20200317125909.0
008 180312s2018 nju b 001 0 eng
020 _a9781119231424 (hardback)
040 _aDLC
_beng
_erda
_cDLC
082 0 0 _a307.141
_223
_bWIL
084 _aBUS072000
_2bisacsh
245 0 0 _aBuilding urban resilience through change of use /
_cedited by Sara J Wilkinson, University of Technology Sydney, Sydney, Hilde Remøy, Delft University of Technology, GA. Wiley
263 _a1805
300 _apages cm.
490 0 _aInnovation in the built environment
504 _aIncludes bibliographical references and index.
520 _a"Describes all aspects of sustainable conversion adaptation of existing buildings and provides solutions for making urban settlements resilient to climate change This comprehensive book explores the potential to change the character of cities with residential conversion of office space in order to withstand the negative effects of climate change. It investigates the nature and extent of sustainable conversion in a number of global cities, as well as the political, economic, social, technological, environmental, and legal drivers and barriers to successful conversion. The book also identifies the key lessons learned through international comparisons with cases in the UK, US, Australia, and the Netherlands. Building Urban Resilience Through Change of Use covers the benefits and aspects of sustainable conversion adaptation through the whole lifecycle from inception, planning, and design, to procurement, construction, and management and operational issues. It illustrates and quantifies, through empirical research, the changes that have been achieved or delivered in sustainable conversion adaptation. The book gives an overview of all aspects of performance characteristics and the conversion adaptation of existing buildings. In the end, it enables planners to make more informed decisions about whether conversion adaptation is a good choice—and if so, which types of sustainability measures are best suited for projects. Provides detailed, empirical knowledge based on real-world research undertaken in five countries over three continents on both a citywide scale and on individual buildings  Case studies and exemplars demonstrate the application of the knowledge in North and South America, Canada, Australia, New Zealand, and in Europe Addresses the key themes of technology, finance and procurement, and the regulatory framework The first research-based book to examine how to improve resilience to climate change through sustainable reuse of buildings, Building Urban Resilience Through Change of Use is a welcome book for researchers and academics involved in building surveying, urban development, and sustainability planning"--
520 _a"Describes all aspects of sustainable conversion adaptation of existing buildings and provides solutions for making urban settlements resilient to climate change"--
650 0 _aSustainable urban development.
650 7 _aBUSINESS & ECONOMICS / Development / Sustainable Development.
_2bisacsh
700 1 _aWilkinson, Sara,
_d1961-
_eeditor.
700 1 _aRemøy, Hilde Therese,
_d1972-
_eeditor.
776 0 8 _iOnline version:
_tBuilding urban resilience through change of use
_dHoboken : Wiley-Blackwell, 2018
_z9781119231431
_w(DLC) 2018012520
942 _2ddc